000 00324nam a2200145Ia 4500
100 _aBurns/J.A -ed/ Foseco .Ltd.
942 _cRB
654 _aFoseco
245 _aFoseco Foundryman''''s Hand Book
260 _bPergamm Press
_aOxford
_c1986
082 _a671.2
_bBur
300 _a435
546 _aENGLISH
999 _c35724
_d35724